000 00825nam a22002897a 4500
001 2843179
003 OSt
005 20210421063041.0
008 840717s1984 gaua 000 1 eng
010 _a 84042777
020 _a0931948606
040 _aeng
_cDLC
_deng
_beng
041 _aeng
050 0 0 _aPS3569.A46656
_bW45 1984
080 _a821.111
_bS-19
082 0 0 _a813/.54
_219
100 1 _aSams, Ferrol,
_d1922-2013.
245 1 4 _aThe whisper of the river /
_cFerrol Sams.
250 _a1st edition
260 _aAtlanta, Ga. :
_bPeachtree Publishers,
_cc1984.
300 _a528 p. :
_c24 cm.
365 _b14.95 usd
650 0 _9254
_aEnglish literature
653 _aინგლისური ლიტერატურა
906 _a7
_bcbc
_corignew
_d1
_eocip
_f19
_gy-gencatlg
942 _2udc
_cBK
_e1
999 _c646
_d646